Famous People from Canton by Picture - Statistics

General Stats
  • This quiz has been taken 11 times
  • The average score is 21 of 110
Answer Stats
Picture Hint Answer % Correct
Musician (born 1969) Marilyn Manson
91%
U.S. First Lady (1847-1907) Ida Saxton McKinley
73%
U.S. President / Governor / U.S. Representative (1843-1901) William McKinley
73%
Rapper / Singer-Songwriter (born 1999) Trippie Redd
45%
Football Player / Minnesota Supreme Court Justice (born 1945) Alan Page
36%
Football Player / Sportscaster (born 1949) Dan Dierdorf
36%
Basketball Player (born 1965) Gary Grant
36%
Football Coach (born 1976) Josh McDaniels
36%
Singer / Actress (born 1967) Macy Gray
36%
Football Player (born 1992) Steve Miller
36%
Baseball Player (1947-1979) Thurman Munson
36%
Football Player & Executive (born 1965) Chris Spielman
27%
Football Player (born 1998) Dominique Robinson
27%
Football Coach (born 1936) Don Nehlen
27%
Basketball Player (born 1973) Eric Snow
27%
Musician / Conductor / Academic (born 1934) H. Robert Reynolds
27%
Football Player (born 1988) Joe Morgan
27%
Football Player (born 1958) Mark Murphy
27%
Football Owner (1891-1944) Ralph Hay
27%
Basketball Player (born 1988) Raymar Morgan
27%
Golfer (born 1946) Renee Powell
27%
Football Executive & Player (born 1962) Rick Spielman
27%
Boxer (born 1948) Ronnie Harris
27%
Baseball Coach (born 1952) Steve Smith
27%
Football Coach & Player (born 1940) Wayne Fontes
27%
Army Brevet Brigadier General / Explorer / Engineer (1820-1894) William F. Raynolds
27%
U.S. Representative / Mayor (1813-1866) Benjamin F. Leiter
18%
Singer / Opera Director (1915-2010) Blanche Thebom
18%
Football Player (born 1952) Bob Pickard
18%
Musician (born 1944) Boz Scaggs
18%
Football Player & Coach (born 1986) Brian Hartline
18%
Attorney / Radio Talk Show Host / TV News Anchor (born 1944) Christine Craft
18%
Basketball Player (born 1991) CJ McCollum
18%
Biologist / Cancer Researcher (1882-1985) Clara Lynch
18%
Basketball Player (born 1946) Dick Cunningham
18%
Baseball Player (born 1981) Dirk Hayhurst
18%
Football Player (born 1982) Dustin Fox
18%
Violinist / Danceband Leader / Recording Engineer (1907-1978) Enoch Light
18%
Professional Wrestling Manager (1926-1983) Ernie Roth
18%
Basketball Player (born 1988) Errick McCollum
18%
Actor / Composer (1911-1999) Frank De Vol
18%
Football Player (1941-2013) George Saimes
18%
Talk Show Host / Author / Comedian / Actor (1918-2004) Jack Paar
18%
Actor (born 1987) Jake Abel
18%
Football Player (born 1980) Jamar Martin
18%
Actress (1926-2000) Jean Peters
18%
Musician (born 1973) Jeff Timmons
18%
Tennis Player (born 1974) Jim Thomas
18%
Musician (born 1949) Joe Vitale
18%
Ambassador (1918-1995) John A. Scali
18%
Football Player (1962-2008) John Grimsley
18%
Magician / Author / Lecturer (born 1981) Joshua Jay
18%
March Music Bandmaster / Composer (1891-1971) Karl King
18%
Football Player (born 1978) Kenny Peterson
18%
Football Player (born 1963) Kirk Lowdermilk
18%
State Senator & Representative (born 1952) Kirk Schuring
18%
Basketball Player (born 1989) Kosta Koufos
18%
Actor (born 1951) Lee Wilkof
18%
Football Player (1920-1999) Marion Motley
18%
Psychologist / Mediator / Author / Teacher (1934-2015) Marshall Rosenberg
18%
Physical Organic Chemist / University Administrator (1947-2021) Marye Anne Fox
18%
Cartoonist (born 1983) Matt Bors
18%
Football Player (born 1981) Mike Doss
18%
Catholic Nun (1923-2016) Mother Mary Angelica
18%
Football Player (1947-2003) Nick Roman
18%
Child Actress (1932-1984) Peggy Ann Garner
18%
Basketball Player & Coach (born 1956) Phil Hubbard
18%
Catholic Stigmatist & Mystic (1888-1948) Rhoda Wise
18%
Technology Executive / Author (born 1986) Ryan Wyatt
18%
Actor (1952-1986) Steve Tracy
18%
U.S. Nevada Representative (born 1966) Susie Lee
18%
TV News Anchor (born 1945) Ted Henry
18%
Football Player (born 1953) Tim Fox
18%
Football Player (born 1961) Todd Blackledge
18%
Football Player (born 1947) Bob Belden
9%
Actor (born 1968) Bruno Gunn
9%
U.S. Representative (1886-1965) Charles B. McClintock
9%
Football Coach (1947-2023) Cleve Bryant
9%
Wrestler (born 1999) David Carr
9%
Basketball Player (born 1982) Dwayne Broyles
9%
Singer (born 1942) Eddie Levert
9%
Actor (born 1967) Eddie McClintock
9%
Baseball Player (1874-1942) Ed Gremminger
9%
Athletic Director (born 1970) Heather Lyke
9%
Basketball Player (born 1938) Howie Jolliff
9%
Air Force Four-Star General (born 1935) James P. McCarthy
9%
Basketball Referee (born 1991) JB DeRosa
9%
Basketball Referee (born 1957) Joe DeRosa
9%
State Attorney General (1871-1930) John G. Price
9%
Actor (1906-1986) Jon Lormer
9%
Comedian / Actress / Model (born 1981) Kate Quigley
9%
Basketball Player (born 1979) Keith McLeod
9%
Civil Rights Advocate / Scholar (born 1959) Kimberlé Crenshaw
9%
Florida State Representative / Football Player (1939-2017) Larry Libertore
9%
Musician (born 1981) Matt Hoopes
9%
Musician (born 1980) Matt Thiessen
9%
U.S. Representative (1846-1896) Michael D. Harter
9%
Basketball Player (born 1950) Mike Barr
9%
T-Mobile CEO (born 1969) Mike Sievert
9%
Actor (born 1977) Nate Torrence
9%
Football Coach (born 1983) Nick Caley
9%
Journalist / Anchor (born 1956) Paula Zahn
9%
Baseball Player (1927-2018) Paul Stuffel
9%
Football & Basketball Player (born 1992) Quinten Rollins
9%
Football Player (born 1983) Reggie Corner
9%
Paralympic Athlete (born 1972) Sandy Dukat
9%
Serial Killer (1950-2011) Thomas Dillon
9%
Ballet Dancer & Teacher / Choreographer (1914-2006) Todd Bolender
9%
Musician / Comedian / Filmmaker (1967) Troy Dillinger
9%
U.S. Supreme Court Justice / U.S. Secretary of State (1849-1923) William R. Day
9%
No matching quizzes found
Score Distribution
Percent of People with Each Score
Percentile by Number Answered
Your Score History
You have not taken this quiz